000 00619cam a2200217ua 4500
001 11448
005 20260515114744.0
008 190920n ii |||gr||||Z||||||eng
020 _a9788183704465
040 _cMAIN
041 _aeng
082 _a400
100 _aUttam Chakraborty,
_eAuthor.
245 _aLanguage and linguistics :
_bPhonetics morphology syntax : theories and practices /
_cBy Uttam Chakraborty and Shyamal Das .
250 _a1st ed.
260 _aNew Delhi:
_bAkansha publishing house,
_c2016.
300 _a280p.
653 _aLanguage
700 _aShyamal Das,
_eAuthor.
942 _cBK
999 _c10274
_d10274